000
00271pam a2200121 a 4500
020
_c
041
_a
eng
100
_a
Albert Denise.
245
_a
Great Tradition In Ethicy
_h
Textual Documents
260
_a
[s.l]:
_b
Eurasia Publishing
300
_a
362p.
930
_a
15541
999
_c
92441
_d
92441